|
|
|
|
| LEADER |
00000nam0a2200000 4500 |
| 001 |
145580 |
| 005 |
20231031144133.0 |
| 029 |
1 |
0 |
|a RU
|b 2377-96
|c МИ
|
| 035 |
|
|
|a (RuTPU)RU\TPU\book\157808
|
| 035 |
|
|
|a RU\TPU\book\157805
|
| 090 |
|
|
|a 145580
|
| 100 |
|
|
|a 20081020d1996 k a0rusy50 ca
|
| 101 |
0 |
|
|a rus
|
| 102 |
|
|
|a RU
|
| 105 |
|
|
|a y l 000zy
|
| 200 |
1 |
|
|a Разработка и аттестация методик выполнения измерений
|a Рекомендация. МИ 2377-96
|f Всесоюзный научно-исследовательский институт метрологической службы
|
| 205 |
|
|
|a Изд. офиц.
|
| 210 |
|
|
|a Москва
|c Изд-во стандартов
|d 1996
|
| 215 |
|
|
|a 15 с.
|
| 225 |
1 |
|
|a Государственная система обеспечения единства измерений
|
| 229 |
|
|
|a Утверждена ВНИИМС 06 сентября 1996 г.
|
| 610 |
1 |
|
|a МИ
|
| 610 |
1 |
|
|a единство измерений
|
| 610 |
1 |
|
|a разработка
|
| 610 |
1 |
|
|a аттестация
|
| 610 |
1 |
|
|a выполнение
|
| 610 |
1 |
|
|a измерения
|
| 610 |
1 |
|
|a методика
|
| 675 |
|
|
|a 621(083)
|v 3
|
| 712 |
0 |
2 |
|a Всесоюзный научно-исследовательский институт метрологической службы
|2 stltpush
|3 (RuTPU)RU\TPU\col\9322
|
| 801 |
|
1 |
|a RU
|b 63413507
|c 20080530
|g PSBO
|
| 801 |
|
2 |
|a RU
|b 63413507
|c 20221208
|g PSBO
|
| 942 |
|
|
|c BK
|